[Event "Turkey Cup 2020"]
[Site "Antalya-Belek"]
[Date "2020.01.30"]
[Round "8.80"]
[White "Demir, Hilmi Mustafa"]
[Black "Arslan, Tayfun"]
[Result "0-1"]
[WhiteElo "1806"]
[BlackElo "1462"]
[Annotator "NA"]
[PlyCount "98"]
[EventDate "2020.01.26"]
[EventType "swiss"]
[EventCountry "TUR"]
[SourceTitle "playchess.com"]
[Source "ChessBase"]
[SourceQuality "1"]

1. e4 c5 2. d4 cxd4 3. c3 dxc3 4. Nxc3 e6 5. Nf3 Bb4 6. a3 Bxc3+ 7. bxc3 Nf6 8. Bd3 Qc7 9. O-O d6 10. Bf4 e5 11. Bg5 Nbd7 12. Nh4 h6 13. Be3 O-O 14. f3 Nc5 15. Bc2 Be6 16. Kh1 Rad8 17. Qe1 g5 18. Nf5 Bxf5 19. exf5 Kg7 20. h4 Rh8 21. Qd2 Nh5 22. Kg1 f6 23. g4 Nf4 24. Bxf4 exf4 25. Rfe1 Rhe8 26. hxg5 hxg5 27. Rad1 Qc6 28. Kg2 Kf7 29. Bb1 Rxe1 30. Rxe1 Re8 31. Ba2+ Kf8 32. Rh1 Kg7 33. Re1 Rxe1 34. Qxe1 Qd7 35. Qe2 b6 36. Bd5 Kf8 37. Qc4 Qe8 38. Bg8 Kg7 39. Bd5 b5 40. Qa2 Qe1 41. Qf2 Qxf2+ 42. Kxf2 Na4 43. c4 Nb6 44. Bc6 bxc4 45. Ke2 Kf7 46. Kd2 Ke7 47. Kc3 d5 48. Kd4 Kd6 49. Be8 Nc8 0-1

[Event "Turkey Cup 2020"]
[Site "Antalya-Belek"]
[Date "2020.01.30"]
[Round "8.81"]
[White "Celik, Ege Yigit"]
[Black "Yucesoy, Atil"]
[Result "0-1"]
[WhiteElo "1558"]
[BlackElo "1680"]
[Annotator "NA"]
[PlyCount "152"]
[EventDate "2020.01.26"]
[EventType "swiss"]
[EventCountry "TUR"]
[SourceTitle "playchess.com"]
[Source "ChessBase"]
[SourceQuality "1"]

1. e4 c6 2. d4 d5 3. exd5 cxd5 4. Bd3 Nc6 5. c3 e5 6. dxe5 Nxe5 7. Qe2 Qe7 8. Bc2 Bg4 9. f3 Bd7 10. Bf4 Nc4 11. b3 Nb6 12. Nd2 Rc8 13. Qxe7+ Bxe7 14. Ne2 Bf6 15. O-O Bxc3 16. Nxc3 Rxc3 17. Rac1 Nf6 18. Rfe1+ Be6 19. Be5 Rc8 20. Bd6 Rc6 21. Bb4 d4 22. Ne4 Nbd5 23. Bc5 Nc3 24. b4 Nfxe4 25. Bxe4 Nxe4 26. fxe4 d3 27. Red1 b6 28. Bd4 Rxc1 29. Rxc1 O-O 30. Rc3 Bxa2 31. Rxd3 Rd8 32. Rd2 f6 33. Kf2 Bb1 34. Kf3 Re8 35. Re2 Rc8 36. Rb2 Bd3 37. Ra2 Rc7 38. Ra3 Bb1 39. Rc3 Rd7 40. Be3 Kf7 41. Rc4 Ke6 42. Rc1 Bd3 43. Rc3 Ke5 44. Bf4+ Kd4 45. Rc1 Bxe4+ 46. Kf2 Bd3 47. Rc7 Rxc7 48. Bxc7 Kc4 49. Bd6 a5 50. bxa5 bxa5 51. Ke3 a4 52. Bf8 g6 53. Bg7 f5 54. Kd2 Be4 55. g3 a3 56. Bf6 a2 57. Kc1 Kb3 58. Kd2 g5 59. Kc1 f4 60. gxf4 gxf4 61. Kd2 Bd5 62. h4 f3 63. Ke3 Kc2 64. h5 Kb1 65. h6 a1=Q 66. Bxa1 Kxa1 67. Kf2 Kb2 68. Ke3 Kc3 69. Kf2 Kd2 70. Kf1 Ke3 71. Ke1 f2+ 72. Kf1 Bc4+ 73. Kg2 f1=Q+ 74. Kg3 Qf3+ 75. Kh4 Qf4+ 76. Kh3 Bf1# 0-1

[Event "Turkey Cup 2020"]
[Site "Antalya-Belek"]
[Date "2020.01.30"]
[Round "8.82"]
[White "Erdal, Emre"]
[Black "Saglam, Emrah Sitki"]
[Result "0-1"]
[WhiteElo "1833"]
[BlackElo "1614"]
[Annotator "NA"]
[PlyCount "106"]
[EventDate "2020.01.26"]
[EventType "swiss"]
[EventCountry "TUR"]
[SourceTitle "playchess.com"]
[Source "ChessBase"]
[SourceQuality "1"]

1. e4 c6 2. d4 d5 3. e5 Bf5 4. h4 h6 5. g4 Be4 6. f3 Bh7 7. e6 fxe6 8. Bf4 Qa5+ 9. Nc3 Nd7 10. Bd3 Bxd3 11. Qxd3 O-O-O 12. O-O-O Ngf6 13. Nge2 Ne8 14. Be5 Nd6 15. Bxd6 exd6 16. Rde1 e5 17. Ng3 Qb4 18. a3 Qxd4 19. Qxd4 exd4 20. Nce2 g6 21. Nxd4 Ne5 22. Rhf1 Kd7 23. h5 c5 24. Nde2 Be7 25. hxg6 Nxg6 26. Nf5 Rde8 27. Kb1 Bg5 28. Nc3 Kc6 29. Rd1 Nf4 30. b4 b5 31. Rfe1 Rhf8 32. Rxe8 Rxe8 33. Nxb5 Rb8 34. Nbxd6 cxb4 35. axb4 Rxb4+ 36. Ka2 Ne2 37. Ka3 a5 38. Rd3 Bc1+ 39. Ka2 Bf4 40. c3 Nc1+ 41. Ka3 Nxd3 42. cxb4 axb4+ 43. Kb3 Bxd6 44. Nxh6 Bf4 45. Nf5 Kc5 46. Ne7 Kd6 47. Nf5+ Ke5 48. Ne7 Kd6 49. Nf5+ Kc5 50. Ne7 Bg5 51. Nf5 Ne5 52. Ng3 Nxf3 53. Ne2 Nd4+ 0-1

[Event "Turkey Cup 2020"]
[Site "Antalya-Belek"]
[Date "2020.01.30"]
[Round "8.83"]
[White "Ozsarilar, Osman Nuri"]
[Black "Saglam, Baver"]
[Result "1-0"]
[WhiteElo "1724"]
[BlackElo "1364"]
[Annotator "NA"]
[PlyCount "105"]
[EventDate "2020.01.26"]
[EventType "swiss"]
[EventCountry "TUR"]
[SourceTitle "playchess.com"]
[Source "ChessBase"]
[SourceQuality "1"]

1. e4 e5 2. Nf3 Nf6 3. d4 exd4 4. e5 Ne4 5. Nxd4 Bc5 6. c3 Qh4 7. Qf3 Ng5 8. Qg3 Qxg3 9. hxg3 Ne6 10. Be3 Nxd4 11. cxd4 Bb4+ 12. Nc3 O-O 13. Bd3 h6 14. Ke2 Bxc3 15. bxc3 b6 16. Rh4 Bb7 17. Rah1 Re8 18. Rg4 Kf8 19. f4 d6 20. c4 Nd7 21. Kd2 Bxg2 22. Rh2 Bf3 23. Rgh4 dxe5 24. fxe5 h5 25. Bf5 Rad8 26. Bg5 f6 27. exf6 Nxf6 28. Rf4 Bb7 29. Bxf6 gxf6 30. Rxh5 Ba6 31. Rh8+ Kg7 32. Rh7+ Kf8 33. Rxc7 Re7 34. Rxe7 Kxe7 35. Kc3 Bb7 36. Rh4 Rf8 37. d5 Rf7 38. Kd4 Rg7 39. Re4+ Kd8 40. g4 Bc8 41. Bxc8 Kxc8 42. Ke3 Kd7 43. Kf4 Rf7 44. Kf5 b5 45. c5 Rf8 46. Re6 Rc8 47. c6+ Kc7 48. Kxf6 Rd8 49. Ke5 a5 50. Re7+ Kc8 51. Ra7 Re8+ 52. Kd6 Rd8+ 53. Kc5 1-0

[Event "Turkey Cup 2020"]
[Site "Antalya-Belek"]
[Date "2020.01.30"]
[Round "8.84"]
[White "Unal, Yusuf Evcim"]
[Black "Kalender, Murat Emre"]
[Result "1/2-1/2"]
[WhiteElo "1680"]
[BlackElo "1618"]
[Annotator "NA"]
[PlyCount "105"]
[EventDate "2020.01.26"]
[EventType "swiss"]
[EventCountry "TUR"]
[SourceTitle "playchess.com"]
[Source "ChessBase"]
[SourceQuality "1"]

1. a3 d5 2. c4 c6 3. e3 Nf6 4. Nc3 e6 5. f4 Nbd7 6. Nf3 Bd6 7. cxd5 exd5 8. Be2 Nc5 9. b4 Nce4 10. Bb2 Bg4 11. Nd4 Nxc3 12. Bxc3 Bxe2 13. Nxe2 Ne4 14. Be5 Bxe5 15. fxe5 Qg5 16. O-O Qxe5 17. Nd4 O-O 18. Rf5 Qe7 19. Qe2 Rad8 20. Rf4 Nd6 21. Raf1 g6 22. Nb3 Nc4 23. Ra1 Qe5 24. Nd4 Rde8 25. Qf2 Nb2 26. Nf3 Qg7 27. Qf1 Nd3 28. Rd4 Ne5 29. b5 Nxf3+ 30. gxf3 Re5 31. bxc6 Rg5+ 32. Kf2 Qh6 33. h4 Rh5 34. Qh3 bxc6 35. Rc1 g5 36. Rh1 Rxh4 37. Rxh4 Qxh4+ 38. Qxh4 gxh4 39. Rxh4 Rb8 40. Ra4 Rb7 41. Ke2 Kg7 42. Ra6 Rc7 43. Kd3 h5 44. Kd4 h4 45. Kc5 Kg6 46. Kd6 Rb7 47. Ke5 Rc7 48. Ra4 Kg5 49. Rg4+ Kh5 50. Rg8 Rd7 51. Kf4 Rd6 52. Rg5+ Kh6 53. Rf5 1/2-1/2

[Event "Turkey Cup 2020"]
[Site "Antalya-Belek"]
[Date "2020.01.30"]
[Round "8.85"]
[White "Caglar, Mehmet Halil"]
[Black "Ipek, Suat Sukru"]
[Result "0-1"]
[WhiteElo "1670"]
[BlackElo "1561"]
[Annotator "NA"]
[PlyCount "82"]
[EventDate "2020.01.26"]
[EventType "swiss"]
[EventCountry "TUR"]
[SourceTitle "playchess.com"]
[Source "ChessBase"]
[SourceQuality "1"]

1. e4 e5 2. Nf3 Nc6 3. d4 exd4 4. Nxd4 Bc5 5. Nf5 Qf6 6. Nc3 Nge7 7. Nd5 Nxd5 8. Qxd5 d6 9. Bb5 O-O 10. Bxc6 bxc6 11. Qxc6 Bxf5 12. exf5 Rfe8+ 13. Kd1 Bxf2 14. Qf3 Bc5 15. c3 d5 16. g4 d4 17. Bd2 Rad8 18. Re1 Rxe1+ 19. Kxe1 Qh4+ 20. Qg3 Qe7+ 21. Kf1 Qe4 22. Re1 Qh1+ 23. Ke2 Qe4+ 24. Kf1 Qh1+ 25. Ke2 Qb7 26. b3 dxc3 27. Bxc3 Qa6+ 28. Kf3 Rd3+ 29. Kg2 Rxg3+ 30. hxg3 Qc6+ 31. Kh3 h6 32. Rc1 Be3 33. Bd2 Qb6 34. Bxe3 Qxe3 35. Rxc7 a5 36. Rc8+ Kh7 37. Rb8 Qg1 38. g5 h5 39. g6+ fxg6 40. Kh4 Qh2+ 41. Kg5 Qxg3# 0-1

[Event "Turkey Cup 2020"]
[Site "Antalya-Belek"]
[Date "2020.01.30"]
[Round "8.86"]
[White "Sarioglu, Burak"]
[Black "Ataer, Arda Burak"]
[Result "1/2-1/2"]
[WhiteElo "1262"]
[BlackElo "1762"]
[Annotator "NA"]
[PlyCount "65"]
[EventDate "2020.01.26"]
[EventType "swiss"]
[EventCountry "TUR"]
[SourceTitle "playchess.com"]
[Source "ChessBase"]
[SourceQuality "1"]

1. d4 Nf6 2. c4 g6 3. Nc3 Bg7 4. e4 d6 5. f3 O-O 6. Be3 e5 7. Nge2 c6 8. Qd2 Nbd7 9. d5 cxd5 10. cxd5 a6 11. g4 h5 12. gxh5 Nxh5 13. Ng3 Qh4 14. Bg5 Bh6 15. Bxh4 Bxd2+ 16. Kxd2 Nxg3 17. Bxg3 f5 18. Be2 b5 19. a3 Nc5 20. b4 Nb3+ 21. Kc2 Nxa1+ 22. Rxa1 Bd7 23. Rg1 f4 24. Bh4 Kf7 25. Kb3 Rh8 26. Bf2 Rxh2 27. Be1 Rc8 28. Bd3 Rh3 29. Rf1 g5 30. Be2 Rh2 31. Bd1 Rg8 32. Rg1 Bh3 33. a4 1/2-1/2

[Event "Turkey Cup 2020"]
[Site "Antalya-Belek"]
[Date "2020.01.30"]
[Round "8.87"]
[White "Koksal, Recep"]
[Black "Sener, Berke"]
[Result "1-0"]
[WhiteElo "1709"]
[BlackElo "1324"]
[Annotator "NA"]
[PlyCount "85"]
[EventDate "2020.01.26"]
[EventType "swiss"]
[EventCountry "TUR"]
[SourceTitle "playchess.com"]
[Source "ChessBase"]
[SourceQuality "1"]

1. Nf3 c5 2. c4 Nf6 3. g3 g6 4. b3 Bg7 5. Bb2 O-O 6. Bg2 Nc6 7. O-O d6 8. Nc3 Bd7 9. d4 cxd4 10. Nxd4 Qc8 11. Nxc6 bxc6 12. Re1 Bh3 13. Bh1 Qc7 14. Qd4 Rac8 15. Qh4 Be6 16. Ne4 Nxe4 17. Bxg7 Kxg7 18. Qxe4 Rfd8 19. Red1 Qb7 20. Qd4+ Kg8 21. Qc3 d5 22. c5 Qb5 23. Bf3 Rb8 24. Rd4 a5 25. Rad1 Bd7 26. Ra4 Ra8 27. h4 e5 28. Qxe5 Qxc5 29. h5 Re8 30. Qf4 Qe7 31. Qd2 Qd8 32. h6 f5 33. Qc3 Re7 34. Rxd5 Qf8 35. Rdxa5 Rxa5 36. Rxa5 Qxh6 37. Ra8+ Kf7 38. Bxc6 f4 39. Bd5+ Be6 40. Bxe6+ Kxe6 41. Ra6+ Kd7 42. Qc6+ Kd8 43. Ra8# 1-0

[Event "Turkey Cup 2020"]
[Site "Antalya-Belek"]
[Date "2020.01.30"]
[Round "8.88"]
[White "Nay, Ali Dogan"]
[Black "Polat, Ahmet Eren"]
[Result "0-1"]
[WhiteElo "1260"]
[BlackElo "1641"]
[Annotator "NA"]
[PlyCount "76"]
[EventDate "2020.01.26"]
[EventType "swiss"]
[EventCountry "TUR"]
[SourceTitle "playchess.com"]
[Source "ChessBase"]
[SourceQuality "1"]

1. d4 d6 2. c4 e5 3. dxe5 dxe5 4. Qxd8+ Kxd8 5. Nc3 Be6 6. e4 c6 7. Nf3 f6 8. Be3 Nd7 9. O-O-O Kc7 10. a3 a5 11. Na4 Rd8 12. Nd2 b6 13. Nb3 Ra8 14. c5 b5 15. Nb6 Ra7 16. Nxd7 Bxd7 17. Nd2 Be6 18. a4 b4 19. Bc4 Kd7 20. Bxe6+ Kxe6 21. b3 Nh6 22. f3 Nf7 23. Nc4 Be7 24. Rd2 Rd8 25. Rhd1 Rxd2 26. Rxd2 Nd8 27. Nb6 Rc7 28. Rc2 Nb7 29. Kd1 Bf8 30. Ke2 Re7 31. Kd3 Re8 32. Kc4 Rd8 33. Rd2 Rxd2 34. Bxd2 Bxc5 35. Na8 Kd7 36. f4 Kc8 37. fxe5 fxe5 38. Be1 Bd4 0-1

[Event "Turkey Cup 2020"]
[Site "Antalya-Belek"]
[Date "2020.01.30"]
[Round "8.89"]
[White "Hazinedaroglu, Gokay"]
[Black "Yalovali, Gorkem"]
[Result "1/2-1/2"]
[WhiteElo "1510"]
[BlackElo "1420"]
[Annotator "NA"]
[PlyCount "52"]
[EventDate "2020.01.26"]
[EventType "swiss"]
[EventCountry "TUR"]
[SourceTitle "playchess.com"]
[Source "ChessBase"]
[SourceQuality "1"]

1. d4 Nf6 2. Nf3 g6 3. e3 Bg7 4. Bd3 O-O 5. Nbd2 d6 6. O-O Re8 7. c3 e5 8. Qc2 Qe7 9. dxe5 dxe5 10. e4 h6 11. h3 Nh5 12. Re1 Nf4 13. Bc4 Nd7 14. Nf1 Nf8 15. Ne3 c6 16. a4 N8e6 17. b3 Ng5 18. Nxg5 Qxg5 19. Kh2 Bf8 20. Bf1 Qf6 21. g3 Ne6 22. Ng4 Qh8 23. Bg2 h5 24. Ne3 h4 25. g4 Nf4 26. Bf1 Be6 1/2-1/2

[Event "Turkey Cup 2020"]
[Site "Antalya-Belek"]
[Date "2020.01.30"]
[Round "8.90"]
[White "Anacak, Hasan Gunes"]
[Black "Kahraman, Yusuf"]
[Result "1-0"]
[WhiteElo "1677"]
[BlackElo "1438"]
[Annotator "NA"]
[PlyCount "113"]
[EventDate "2020.01.26"]
[EventType "swiss"]
[EventCountry "TUR"]
[SourceTitle "playchess.com"]
[Source "ChessBase"]
[SourceQuality "1"]

1. e4 e5 2. Nf3 Nc6 3. Bc4 Nf6 4. Ng5 d5 5. exd5 Na5 6. Bb5+ c6 7. dxc6 bxc6 8. Be2 h6 9. Nf3 e4 10. Ne5 Bc5 11. c3 Qe7 12. d4 exd3 13. Nxd3 Bb6 14. O-O O-O 15. b4 Nb7 16. Nf4 Bf5 17. Bf3 Rad8 18. Qb3 g5 19. Nh5 g4 20. Nxf6+ Qxf6 21. Be2 Rfe8 22. Ba6 Bd3 23. Bxd3 Rxd3 24. Qc2 Red8 25. Qe2 h5 26. Be3 Qe6 27. Re1 Bxe3 28. fxe3 Qe4 29. a4 R8d5 30. Ra2 Re5 31. Rd2 Rxe3 32. Qxe3 Qxe3+ 33. Rxe3 Rxe3 34. Kf2 Re7 35. Na3 Kf8 36. Nc4 f6 37. Ne3 Ke8 38. Nf5 Rd7 39. Rxd7 Kxd7 40. Ng7 h4 41. Nf5 Nd6 42. Nxd6 Kxd6 43. c4 Ke5 44. Ke3 f5 45. g3 hxg3 46. hxg3 a6 47. b5 cxb5 48. cxb5 axb5 49. axb5 Kd5 50. Kf4 Kc5 51. Kxf5 Kxb5 52. Kxg4 Kc6 53. Kf5 Kd7 54. Kf6 Ke8 55. Kg7 Ke7 56. g4 Ke6 57. g5 1-0

[Event "Turkey Cup 2020"]
[Site "Antalya-Belek"]
[Date "2020.01.30"]
[Round "8.91"]
[White "Mercanli, Abdullah Gokturk"]
[Black "Ozata, Doruk"]
[Result "1/2-1/2"]
[WhiteElo "1474"]
[BlackElo "1699"]
[Annotator "NA RC"]
[PlyCount "192"]
[EventDate "2020.01.26"]
[EventType "swiss"]
[EventCountry "TUR"]
[SourceTitle "playchess.com"]
[Source "ChessBase"]
[SourceQuality "1"]

1. d4 Nf6 2. c4 e6 3. Nc3 Bb4 4. Qc2 d5 5. Bg5 h6 6. Bh4 O-O 7. e3 b6 8. cxd5 exd5 9. Nf3 Be6 10. a3 Be7 11. Be2 Nbd7 12. O-O Ne8 13. Bxe7 Qxe7 14. Rfc1 a6 15. b4 Nd6 16. Nd2 Nf6 17. b5 a5 18. Nf3 Nd7 19. Bd3 f5 20. Ne5 Nxe5 21. dxe5 Ne4 22. Ne2 Rac8 23. Nf4 g5 24. Ng6 Qg7 25. Nxf8 Kxf8 26. Bxe4 fxe4 27. Qb2 Qe7 28. Rc6 Ke8 29. Qe2 Qf7 30. a4 h5 31. f3 Qe7 32. h3 Bd7 33. Rcc1 Qxe5 34. fxe4 g4 35. hxg4 Bxg4 36. Qf2 Ke7 37. exd5 Rf8 38. Qd2 Rg8 39. Qd4 Qxd4 40. exd4 Kd6 41. Rc2 Bf5 42. Rf2 Be4 43. Rd1 Bxd5 44. Rd3 Rg4 45. Rfd2 Be4 46. Rc3 c6 47. bxc6 Bxc6 48. Ra3 Kd5 49. Rb3 Rxd4 50. Rxd4+ Kxd4 51. Rxb6 Kc5 52. Rb8 Bxa4 53. Kf2 Bd1 54. Ke1 Bg4 55. Kd2 a4 56. Kc3 Bd1 57. Rc8+ Kb5 58. Rd8 Bg4 59. Rd5+ Kc6 60. Ra5 Bd1 61. Kb4 Kd6 62. Rf5 Ke6 63. Rf1 Bg4 64. Kxa4 Bf5 65. Rf4 Kf6 66. g3 Kg5 67. Kb4 Bg4 68. Rd4 Kf5 69. Kc5 Be2 70. Kd6 Kf6 71. Rf4+ Kg5 72. Ke7 Bd1 73. Rd4 Be2 74. Kd6 Bf3 75. Kc5 Be2 76. Kb4 Bf3 77. Kc3 Be2 78. Kd2 Bf3 79. Ke3 Bb7 80. Kf2 Bc6 81. Rc4 Bb7 82. Rc7 Ba8 83. Rg7+ Kf6 84. Rg8 Bd5 85. Rh8 Kg5 86. Kg1 Bc6 87. Kh2 Bd7 88. Rg8+ Kf6 89. Kg2 Bg4 90. Rxg4 hxg4 91. Kf2 Ke6 92. Ke2 Kd6 93. Kd2 Ke6 94. Kc3 Ke5 95. Kd3 Kd5 96. Ke3 Ke5 1/2-1/2

[Event "Turkey Cup 2020"]
[Site "Antalya-Belek"]
[Date "2020.01.30"]
[Round "8.92"]
[White "Colak, Demir"]
[Black "Demir, Zeki"]
[Result "0-1"]
[WhiteElo "1577"]
[BlackElo "1703"]
[Annotator "NA"]
[PlyCount "70"]
[EventDate "2020.01.26"]
[EventType "swiss"]
[EventCountry "TUR"]
[SourceTitle "playchess.com"]
[Source "ChessBase"]
[SourceQuality "1"]

1. d4 d5 2. c4 e6 3. Nc3 Nf6 4. cxd5 exd5 5. Bg5 c6 6. e3 Bf5 7. Bd3 Bxd3 8. Qxd3 Be7 9. Nf3 Nbd7 10. O-O O-O 11. Rab1 Ne4 12. Bxe7 Qxe7 13. Nd2 f5 14. f3 Nd6 15. b4 Rae8 16. Rfe1 Qh4 17. g3 Qh3 18. Qf1 Qh6 19. Qf2 b5 20. Rbd1 Nb6 21. f4 Nbc4 22. Nxc4 Nxc4 23. Rd3 Qe6 24. Qe2 Re7 25. Kf2 Rfe8 26. Nd1 Qh6 27. h4 a5 28. bxa5 Nxa5 29. Nb2 Qd6 30. Rc1 Nc4 31. Nxc4 dxc4 32. Rdd1 Qa3 33. Re1 Rxe3 34. Qxe3 Rxe3 35. Rxe3 Qxc1 0-1

[Event "Turkey Cup 2020"]
[Site "Antalya-Belek"]
[Date "2020.01.30"]
[Round "8.93"]
[White "Ozeler, Nedim"]
[Black "Pek, Efe Can"]
[Result "1-0"]
[WhiteElo "1667"]
[BlackElo "1602"]
[Annotator "NA"]
[PlyCount "53"]
[EventDate "2020.01.26"]
[EventType "swiss"]
[EventCountry "TUR"]
[SourceTitle "playchess.com"]
[Source "ChessBase"]
[SourceQuality "1"]

1. d4 d5 2. Nf3 Nf6 3. Bf4 e6 4. e3 Be7 5. c4 O-O 6. Bd3 Nbd7 7. O-O Nh5 8. Qc2 Nxf4 9. exf4 h6 10. c5 c6 11. Nbd2 b6 12. b4 Qc7 13. g3 a5 14. a3 Ba6 15. Rfc1 Bxd3 16. Qxd3 Ra7 17. Qc3 Rfa8 18. Kg2 Qb7 19. Nb3 axb4 20. axb4 Ra3 21. Na5 Rxc3 22. Nxb7 Rxa1 23. Rxa1 Rb3 24. Nd6 Rxb4 25. Ra7 Bxd6 26. cxd6 Nf8 27. Ra8 1-0

[Event "Turkey Cup 2020"]
[Site "Antalya-Belek"]
[Date "2020.01.30"]
[Round "8.94"]
[White "Fazla, Onder Zafer"]
[Black "Erke, Mustafa Yigit"]
[Result "1-0"]
[WhiteElo "1646"]
[BlackElo "1548"]
[Annotator "NA"]
[PlyCount "38"]
[EventDate "2020.01.26"]
[EventType "swiss"]
[EventCountry "TUR"]
[SourceTitle "playchess.com"]
[Source "ChessBase"]
[SourceQuality "1"]

1. d4 d5 2. Nf3 Nf6 3. c4 dxc4 4. e3 b5 5. a4 c6 6. axb5 cxb5 7. b3 Be6 8. bxc4 Bxc4 9. Bxc4 bxc4 10. Qa4+ Nbd7 11. O-O Rc8 12. Nc3 e6 13. Ne5 Bd6 14. Nb5 Bb8 15. Ba3 Nd5 16. Nxc4 N5b6 17. Nbd6+ Bxd6 18. Nxd6+ Kf8 19. Nxc8+ Kg8 1-0

[Event "Turkey Cup 2020"]
[Site "Antalya-Belek"]
[Date "2020.01.30"]
[Round "8.95"]
[White "Koca, Cisem"]
[Black "Yanikoglu, Omer"]
[Result "1-0"]
[WhiteElo "1643"]
[BlackElo "1635"]
[Annotator "NA"]
[PlyCount "70"]
[EventDate "2020.01.26"]
[EventType "swiss"]
[EventCountry "TUR"]
[SourceTitle "playchess.com"]
[Source "ChessBase"]
[SourceQuality "1"]

1. d4 d5 2. Nf3 Nf6 3. g3 c6 4. Bg2 Bf5 5. O-O e6 6. b3 Nbd7 7. Bb2 Ne4 8. c4 h5 9. Nfd2 h4 10. f3 Nxd2 11. Qxd2 hxg3 12. hxg3 Bh3 13. Bxh3 Rxh3 14. Kg2 Rh8 15. e4 dxc4 16. bxc4 Qc7 17. Ba3 O-O-O 18. Bxf8 Rdxf8 19. Nc3 f5 20. e5 f4 21. gxf4 Nb6 22. c5 Qf7 23. Rh1 Nd5 24. Nxd5 exd5 25. Kf2 g5 26. Rag1 gxf4 27. Qd3 Qg7 28. Qg6 Qh6 29. Kf1 Qh4 30. Qg4+ Qxg4 31. Rxg4 Rxh1+ 32. Kg2 Ra1 33. Rxf4 Rxa2+ 34. Kg3 Rd2 35. Kg4 a5 1-0

[Event "Turkey Cup 2020"]
[Site "Antalya-Belek"]
[Date "2020.01.30"]
[Round "8.96"]
[White "Yakar, Azat"]
[Black "Araboga, Mesut"]
[Result "1-0"]
[WhiteElo "1469"]
[BlackElo "1627"]
[Annotator "NA"]
[PlyCount "81"]
[EventDate "2020.01.26"]
[EventType "swiss"]
[EventCountry "TUR"]
[SourceTitle "playchess.com"]
[Source "ChessBase"]
[SourceQuality "1"]

1. d4 e6 2. c4 Nf6 3. Nf3 b6 4. g3 Bb7 5. Bg2 Be7 6. O-O O-O 7. Nc3 d5 8. cxd5 exd5 9. Bg5 Nbd7 10. Rc1 Re8 11. a3 h6 12. Bxf6 Bxf6 13. b4 a5 14. b5 c5 15. bxc6 Bxc6 16. a4 Qe7 17. e3 Rac8 18. Ne1 Qb4 19. Nd3 Qa3 20. Bxd5 Ba8 21. Nb5 Rxc1 22. Nxc1 Qe7 23. Qf3 Bxd5 24. Qxd5 Rc8 25. Ne2 Rc2 26. Nec3 Rd2 27. Qb7 Qe6 28. Qd5 Qh3 29. Nd6 Ne5 30. Qa8+ Kh7 31. Qe4+ Ng6 32. Nxf7 Qh5 33. Nd5 Kg8 34. Nxf6+ gxf6 35. g4 Qh4 36. Qxg6+ Kf8 37. Nxh6 Ra2 38. Rb1 Rxa4 39. Rxb6 Ra1+ 40. Kg2 a4 41. Rxf6+ 1-0

[Event "Turkey Cup 2020"]
[Site "Antalya-Belek"]
[Date "2020.01.30"]
[Round "8.97"]
[White "Akin, Bora Zubeyir"]
[Black "Gunebakan, Yunus Emre"]
[Result "1-0"]
[WhiteElo "1476"]
[BlackElo "1402"]
[Annotator "NA"]
[PlyCount "79"]
[EventDate "2020.01.26"]
[EventType "swiss"]
[EventCountry "TUR"]
[SourceTitle "playchess.com"]
[Source "ChessBase"]
[SourceQuality "1"]

1. g3 c5 2. Bg2 g6 3. d4 cxd4 4. Qxd4 Nf6 5. Nc3 Bg7 6. Nf3 Nc6 7. Qa4 O-O 8. Nd4 e5 9. Nxc6 dxc6 10. O-O Nd5 11. Nxd5 cxd5 12. c3 Be6 13. Rd1 f5 14. Qb3 Qc7 15. Bxd5 Bxd5 16. Qxd5+ Kh8 17. Be3 Rae8 18. Bxa7 f4 19. Qd7 Qc4 20. Qxb7 fxg3 21. hxg3 Qxe2 22. Rd7 Rg8 23. Be3 Rb8 24. Qa7 Qxb2 25. Bh6 Qxa1+ 26. Kg2 Qxc3 27. Bxg7+ Rxg7 28. Qxb8+ Rg8 29. Qb7 Rg7 30. Rxg7 Qc6+ 31. Qxc6 Kxg7 32. Qe6 Kh6 33. a4 e4 34. a5 e3 35. Qxe3+ Kh5 36. a6 g5 37. a7 h6 38. a8=Q Kg6 39. Qae8+ Kg7 40. Q3e7# 1-0

[Event "Turkey Cup 2020"]
[Site "Antalya-Belek"]
[Date "2020.01.30"]
[Round "8.98"]
[White "Avanoglu, Nurulllah"]
[Black "Pasa, Ahmet"]
[Result "1/2-1/2"]
[WhiteElo "1569"]
[BlackElo "1742"]
[Annotator "NA"]
[PlyCount "49"]
[EventDate "2020.01.26"]
[EventType "swiss"]
[EventCountry "TUR"]
[SourceTitle "playchess.com"]
[Source "ChessBase"]
[SourceQuality "1"]

1. e4 c5 2. Nf3 e6 3. c3 Nf6 4. Bd3 Be7 5. Bc2 O-O 6. d4 cxd4 7. cxd4 d5 8. e5 Ne4 9. O-O Nc6 10. a3 h6 11. Be3 f5 12. exf6 Nxf6 13. h3 Bd7 14. Nc3 Rc8 15. Rc1 Na5 16. Ne5 Be8 17. f4 Nc4 18. Nxc4 Rxc4 19. f5 exf5 20. Bxf5 Bf7 21. Bd3 Rc8 22. Qf3 Kh8 23. Rce1 a6 24. Ne2 Rc6 25. Nf4 1/2-1/2

[Event "Turkey Cup 2020"]
[Site "Antalya-Belek"]
[Date "2020.01.30"]
[Round "8.99"]
[White "Atasoy, Ata"]
[Black "Atik, Muhammed Ihsan"]
[Result "1-0"]
[WhiteElo "1527"]
[BlackElo "1585"]
[Annotator "NA"]
[PlyCount "39"]
[EventDate "2020.01.26"]
[EventType "swiss"]
[EventCountry "TUR"]
[SourceTitle "playchess.com"]
[Source "ChessBase"]
[SourceQuality "1"]

1. e4 c5 2. Nc3 e6 3. Nf3 Nc6 4. d4 cxd4 5. Nxd4 Nf6 6. Nxc6 bxc6 7. e5 Nd5 8. Ne4 Qc7 9. f4 Qb6 10. c4 Bb4+ 11. Ke2 Ba6 12. Kf3 Nc7 13. Be3 Qb8 14. Nd6+ Kf8 15. Qa4 Bxd6 16. exd6 Qxb2 17. dxc7 Qxa1 18. Bc5+ Ke8 19. Qxa6 Qc3+ 20. Ke4 1-0

[Event "Turkey Cup 2020"]
[Site "Antalya-Belek"]
[Date "2020.01.30"]
[Round "8.101"]
[White "Karanlik, Suleyman"]
[Black "Sulak, Yusuf"]
[Result "1/2-1/2"]
[WhiteElo "1575"]
[BlackElo "1556"]
[Annotator "NA"]
[PlyCount "65"]
[EventDate "2020.01.26"]
[EventType "swiss"]
[EventCountry "TUR"]
[SourceTitle "playchess.com"]
[Source "ChessBase"]
[SourceQuality "1"]

1. e4 d5 2. exd5 Nf6 3. d4 Bg4 4. Be2 Bxe2 5. Qxe2 Qxd5 6. Nf3 Nc6 7. c3 O-O-O 8. O-O h6 9. b4 e6 10. b5 Na5 11. Ne5 Re8 12. Nxf7 Rg8 13. Ne5 Bd6 14. Rd1 Bxe5 15. dxe5 Qe4 16. Qxe4 Nxe4 17. f3 Nc5 18. Na3 Rd8 19. Be3 Na4 20. Bd4 Nb2 21. Rdb1 Nbc4 22. Nxc4 Nxc4 23. Rb4 Nb6 24. Bxb6 axb6 25. Rd4 Rxd4 26. cxd4 Rd8 27. Rd1 Rd5 28. a4 c6 29. bxc6 bxc6 30. Kf2 c5 31. Ke3 cxd4+ 32. Rxd4 Rxe5+ 33. Re4 1/2-1/2